Central Library OPAC University of Rajshahi

Three essays on the state of economic science / (Record no. 2683)

MARC details
000 -LEADER
fixed length control field 00826cam a22002771a 4500
001 - CONTROL NUMBER
control field 2683
003 - CONTROL NUMBER IDENTIFIER
rucl marc code BD-RjUL
005 - DATE AND TIME OF LATEST TRANSACTION
control field 20211208233611.0
008 - FIXED-LENGTH DATA ELEMENTS--GENERAL INFORMATION
fixed length control field 131212s1957 nyua 001 0 eng d
020 ## - INTERNATIONAL STANDARD BOOK NUMBER
International Standard Book Number 0070353352
035 ## - SYSTEM CONTROL NUMBER
System control number (BD-RjUL)2710
System control number (OCoLC)7345238
040 ## - CATALOGING SOURCE
Original cataloging agency DLC
Transcribing agency OCl
Modifying agency ODaWU
-- OCoLC
-- Uk
-- DLC
-- BD-RjUL
Language of cataloging eng
041 ## - LANGUAGE CODE
Language code of text/sound track or separate title eng
082 ## - DEWEY DECIMAL CLASSIFICATION NUMBER
Classification number 330.4
Author mark and year KOT 1957
100 1# - MAIN ENTRY--PERSONAL NAME
Personal name Koopmans, Tjalling C.
Fuller form of name (Tjalling Charles),
Dates associated with a name 1910-1985.
9 (RLIN) 8640
245 10 - TITLE STATEMENT
Title Three essays on the state of economic science /
Statement of responsibility, etc. Tjalling Charles Koopmans.
250 ## - EDITION STATEMENT
Edition statement [Paperback ed.]
260 ## - PUBLICATION, DISTRIBUTION, ETC. (IMPRINT)
Place of publication, distribution, etc. New York :
Name of publisher, distributor, etc. McGraw-Hill,
Date of publication, distribution, etc. 1957.
300 ## - PHYSICAL DESCRIPTION
Pagination xi, 231 p. :
Illustrations ill. ;
Size 23 cm.
650 #0 - SUBJECT ADDED ENTRY--TOPICAL TERM
Topical term or geographic name as entry element Economics.
9 (RLIN) 8641
942 ## - ADDED ENTRY ELEMENTS (KOHA)
Source of classification or shelving scheme Dewey Decimal Classification
Koha item type Books
Holdings
Lost status Source of classification or shelving scheme Damaged status Not for loan Collection code Permanent Location Current Location Shelving location Date acquired Source of acquisition Cost, normal purchase price Total Checkouts Full call number Date last seen Copy number Koha item type
  Dewey Decimal Classification   Not For Loan Non-fiction Central Library, University of Rajshahi Central Library, University of Rajshahi Reading Room 22/07/1959 McGRAW -Hall 5.85   330.4 KOT 1957 12/12/2013 C-1 Books